000 01687nam a2200409 c 4500
001 17836
003 ES-MaCES
005 20141221122515.0
008 050729s2004 sp d t 000 | spa d
017 _aV 3886-2004
_bDL
020 _a843700134X
035 _aCES20050008334m
040 _aES-MaCES
_bspa
_cES-MaCES
100 1 _aChaves, Rafael
_99532
245 1 3 _aLa investigación universitaria en economía social en España
_b: tres decenios de actividad científica vistos a través de las Tesis Doctorales
_cRafael Chaves, José Luis Monzón y Antonia Sajardo
260 _aValencia
_bIUDESCOOP, Instituto Universitario de Economía Social y Cooperativa de la Universidad de Valencia
_bCIRIEC España, Centro Internacional de Investigación e Información sobre la Economía Pública, Social y Cooperativa
_c2004
300 _a262 p.
_c24 cm
500 _aEl catálogo incluye descriptores y resumen de las Tesis doctorales
500 _aEn la cub.: 1
541 _cGratuito
650 4 _aeconomía social
_930379
650 4 _acooperativa
_927136
650 4 _aorganización sin fines de lucro
_927312
650 4 _ainvestigación económica
_927075
650 4 _atesis
_928995
650 4 _aEspaña
_926964
650 4 _a1976-2002
_931702
650 4 _acatálogo
_928970
653 1 0 _aBibliografías
700 1 _aMonzón Campos, José Luis
_918951
700 1 _aSajardo Moreno, Antonia
_923035
710 2 _aUniversidad de Valencia
_bInstituto Universitario de Economía Social y Cooperativa
_eed.
_95344
710 2 _aCIRIEC. Sección Española
_91964
902 _aLIB Libro
942 _2CES
_cBK
_h9.0.
999 _c17836
_d17836